C´etait avant la guerre a l´anse a gilles (theatre)

Guardado en:
Bibliografiske detaljer
Hovedforfatter: Laberge, Marie
Format: Bog
Sprog:Undetermined
Udgivet: Montreal, Canadá VLB 1981
Fag:
Tags: Tilføj Tag
Ingen Tags, Vær først til at tagge denne postø!

MARC

LEADER 00000nam a2200000Ia 4500
008 170316s9999 xx 000 0 und d
040 |a cru BVZT 
090 |a 818 L-1c 
100 |a Laberge, Marie 
245 |a C´etait avant la guerre a l´anse a gilles (theatre) 
260 |a Montreal, Canadá 
260 |b VLB 
260 |c 1981 
300 |a 119 páginas 
650 |a LITERATURA CANADIENSE 
999 |c 6518  |d 6518 
942 |c 15 D  |h 818 L-1c  |2 z